LEADER 03073nam 22006374a 450 001 9910145558003321 005 20170815114538.0 010 $a1-281-31200-2 010 $a9786611312008 010 $a0-470-69402-5 010 $a0-470-69323-1 035 $a(CKB)1000000000410952 035 $a(EBL)351094 035 $a(OCoLC)243829417 035 $a(SSID)ssj0000143770 035 $a(PQKBManifestationID)11157624 035 $a(PQKBTitleCode)TC0000143770 035 $a(PQKBWorkID)10119655 035 $a(PQKB)10131018 035 $a(MiAaPQ)EBC351094 035 $a(EXLCZ)991000000000410952 100 $a20030903d2004 uy 0 101 0 $aeng 135 $aur|n|---||||| 181 $ctxt 182 $cc 183 $acr 200 10$aEconomics of the mortgage market$b[electronic resource] $eperspectives on household decision making /$fDavid Leece 210 $aOxford, UK ;$aMalden, MA $cBlackwell$d2004 215 $a1 online resource (274 p.) 225 1 $aReal estate issues 300 $a"RICS Foundation"--Cover. 311 $a1-4051-1461-4 320 $aIncludes bibliographical references (p. [235]-252) and index. 327 $aAn introduction to mortgage market economics -- The demand for mortgage finance : theory -- The demand for mortgage finance : empirical evidence -- The "tilt", mortgage designs, and the amortisation of debt -- Rationing, mortgage market adjustment, and separating equilibrium -- Credit rationing, mortgage market adjustment, and separating equilibrium : empirical evidence -- The households choice of mortgage design : theory -- The household's choice of mortgage design : theory -- The risky mortgage contract and embedded options : mortgage valuation and household behaviour -- Prepayment and default behaviour : empirical evidence -- Conclusion : the "field" of mortgage market economics. 330 $aThe analysis of the mortgage market is a specialised field but examines a financial market with extremely wide-ranging implications; it affects the stability of the whole economy. The key thing about this analysis is the increasing importance of the secondary mortgage market - which in the US is now several times larger than the market for government debt. The UK secondary mortgage market is also growing and the book will provide a timely resource to those active and interested in this important financial market. The 1990s saw an enormous growth of mortgage market analysis 410 0$aReal estate issues (Oxford, England) 606 $aMortgage loans 606 $aMortgages 606 $aHousing$xFinance 608 $aElectronic books. 615 0$aMortgage loans. 615 0$aMortgages. 615 0$aHousing$xFinance. 676 $a332.7 676 $a332.7/22 676 $a332.722 700 $aLeece$b David$0897095 712 02$aRICS Foundation. 801 0$bMiAaPQ 801 1$bMiAaPQ 801 2$bMiAaPQ 906 $aBOOK 912 $a9910145558003321 996 $aEconomics of the mortgage market$92004395 997 $aUNINA LEADER 01521nam a22003251i 4500 001 991003139509707536 005 20040610105203.0 008 040624s1985 it a||||||||||||||||ita 035 $ab13029988-39ule_inst 035 $aARCHE-098766$9ExL 040 $aDip.to Beni Culturali$bita$cA.t.i. Arché s.c.r.l. Pandora Sicilia s.r.l. 082 04$a722.62 245 00$aSettefinestre :$buna villa schiavistica nell'Etruria romana /$ca cura di Andrea Carandini ; redazione M. Rossella Filippi ... [et al.] ; [poi] a cura di Andreina Ricci ; redazione Emanuele Papi e Edina Regoli 260 $aModena :$bPanini,$cstampa 1985 300 $a3 v. (206, 302, 370 p.) :$bin gran parte ill. ;$c32 cm 650 4$aVille romane$xToscana 651 4$aCosa (Città etrusca)$xVilla di Settefinestre 700 1 $aCarandini, Andrea 700 1 $aFilippi, M. Rossella 700 1 $aRicci, Andreina 700 1 $aPapi, Emanuele 700 1 $aRegoli, Edina 907 $a.b13029988$b02-04-14$c12-07-04 912 $a991003139509707536 945 $aLE001 AR IX 29$g1$i2001000129843$lle001$nV. 1. - C. 1$o-$pE0.00$q-$rl$s- $t0$u2$v0$w2$x0$y.i13645195$z12-07-04 945 $aLE001 AR IX 29a$g1$i2001000129850$lle001$nV. 2. - C. 1$o-$pE0.00$q-$rl$s- $t0$u1$v0$w1$x0$y.i13645201$z12-07-04 945 $aLE001 AR IX 29b$g1$i2001000129867$lle001$nV. 3. - C. 1$o-$pE0.00$q-$rl$s- $t0$u1$v0$w1$x0$y.i13645213$z12-07-04 996 $aSettefinestre$993564 997 $aUNISALENTO 998 $ale001$b12-07-04$cm$da $e-$fita$git $h0$i3